| 000 | 00329nam a22001337a 4500 | ||
|---|---|---|---|
| 999 |
_c523433 _d523433 |
||
| 020 | _a9781780936802 | ||
| 082 | _aAA11 F899 | ||
| 100 |
_aFromm, Erich _940019 |
||
| 245 |
_aTo have or to be? _cby Erich Fromm |
||
| 260 |
_aLondon _bBloomsbury _c2013 |
||
| 300 | _a190p. | ||
| 650 |
_aPersonality _940020 |
||
| 650 |
_aOntology _940021 |
||